| 000 | 00379cam a2200169 4500 | ||
|---|---|---|---|
| 001 | D12924 | ||
| 008 | 090401t1963 xxu||||| |||| 00| 0 eng d | ||
| 035 | _a(Sirsi) u6688 | ||
| 041 | _aeng | ||
| 100 | _aHayward, L.M. | ||
| 245 | _aSurvey practice on construction sites | ||
| 260 |
_bPitman _c1963 |
||
| 350 | _a0 | ||
| 520 | _aShelf 182 | ||
| 942 | _n0 | ||
| 948 | _c04/03/1997 | ||
| 999 |
_c86336 _d86336 |
||